| 000 | 00633nam a2200145 a 4500 | ||
|---|---|---|---|
| 008 | 120416s1978 ||||||||||||||||| || u | ||
| 050 | _aJQ 2829.R87 Adm | ||
| 245 | 1 | 0 | _aAdministration for rural development |
| 246 | _areport of the second phase of the research | ||
| 260 |
_aThe Hague _bNUFFIC _c1978 |
||
| 300 | _a173p. | ||
| 350 | _a0.00 | ||
| 995 |
_aSPECIAL COLLECTIONS _D0.00 _e706689 _FCBU-MAIN LIBRARY (Kitwe) _H1 _I3.00 _jZAM JQ 2829.R87 Adm _M1 _UAVAILABLE _y024174 _ZZambiana Collection |
||
| 995 |
_aSPECIAL COLLECTIONS _D0.00 _e706690 _FCBU-MAIN LIBRARY (Kitwe) _H2 _I3.00 _jZAM JQ 2829.R87 Adm _M2 _UAVAILABLE _y024175 _ZZambiana Collection |
||
| 999 |
_c83666 _d83666 |
||